000 00715nam a22002535a 4500
001 SSB063318
005 20140926154606.0
008 130201s2013 cau 000 0 eng
010 _a2013932301
020 _a9781446267851 (pbk.)
040 _aDLC
_cDLC
042 _apcc
050 _aLB 2369
_b.Ol3 2014
100 1 _aOliver, Paul.
245 1 0 _aWriting your thesis /
_cPaul Oliver.
250 _aThird edition.
260 _aThousand Oaks, CA :
_bSAGE Publications Ltd,
_cc2014.
263 _a1311.
300 _axi, 229 pages ;
_c25 cm.
504 _aIncludes bibliographical references and index.
650 0 _aDissertations, Academic.
650 0 _aAcademic writing.
942 _2lcc
_cBK
_kFOR
999 _c275903
_d275903